| 000 | 00546nam a2200133Ia 4500 | ||
|---|---|---|---|
| 005 | 20260209120152.0 | ||
| 008 | 260209s9999||||xx |||||||||||||| ||und|| | ||
| 100 | _aVijay Dattarao Andhale | ||
| 245 | 4 | _aThe promise and perils of DNA evidence : a study of legal and ethical challenges in India's criminal justice system | |
| 260 |
_aBangaloreBangalore _bNLSIU, Bangalore _c2024 - 2025 |
||
| 300 | _a34 p. ; 25 cm. | ||
| 700 | _aMr. Kunal Ambasta - SupervisorMr. Kunal Ambasta - Supervisor | ||
| 856 | _uhttps://dans.nls.ac.in/handle/123456789/2446 | ||
| 999 |
_c217754 _d217754 |
||